<?xml version="1.0" encoding="UTF-8"?>
<record
    xmlns:xsi="http://www.w3.org/2001/XMLSchema-instance"
    xsi:schemaLocation="http://www.loc.gov/MARC21/slim http://www.loc.gov/standards/marcxml/schema/MARC21slim.xsd"
    xmlns="http://www.loc.gov/MARC21/slim">

  <leader>02812nam a2200289 a 4500</leader>
  <controlfield tag="003">OSt</controlfield>
  <controlfield tag="005">20251111110911.0</controlfield>
  <controlfield tag="007">cr ||||||a|c|a</controlfield>
  <controlfield tag="008">240213s2020    mx a|||fom||| 001 0 spa d</controlfield>
  <datafield tag="040" ind1=" " ind2=" ">
    <subfield code="e">rda</subfield>
  </datafield>
  <datafield tag="100" ind1="1" ind2=" ">
    <subfield code="9">188709</subfield>
    <subfield code="a">V&#xE9;lez Labrada, Jos&#xE9; Luis</subfield>
  </datafield>
  <datafield tag="245" ind1="1" ind2="0">
    <subfield code="a">Caracterizaci&#xF3;n gen&#xE9;tica para prote&#xED;nas de la leche, reproducci&#xF3;n y estr&#xE9;s cal&#xF3;rico en bovinos de Regiones Tropicales de M&#xE9;xico /</subfield>
    <subfield code="c">por Jos&#xE9; Luis V&#xE9;lez Labrada; director de tesis </subfield>
  </datafield>
  <datafield tag="264" ind1=" " ind2="1">
    <subfield code="a">Chapingo, M&#xE9;xico :</subfield>
    <subfield code="b">El autor,</subfield>
    <subfield code="c">2020.</subfield>
  </datafield>
  <datafield tag="300" ind1=" " ind2=" ">
    <subfield code="a">1 recurso en l&#xED;nea (61 p&#xE1;ginas):</subfield>
    <subfield code="b">cuadros, figuras.</subfield>
  </datafield>
  <datafield tag="336" ind1=" " ind2=" ">
    <subfield code="2">rdacontent</subfield>
    <subfield code="a">texto</subfield>
    <subfield code="b">txt</subfield>
  </datafield>
  <datafield tag="337" ind1=" " ind2=" ">
    <subfield code="2">rdamedia</subfield>
    <subfield code="a">computadora</subfield>
    <subfield code="b">c</subfield>
  </datafield>
  <datafield tag="338" ind1=" " ind2=" ">
    <subfield code="2">rdacarrier</subfield>
    <subfield code="a">recurso en l&#xED;nea</subfield>
    <subfield code="b">cr</subfield>
  </datafield>
  <datafield tag="502" ind1=" " ind2=" ">
    <subfield code="b">IAEZ</subfield>
    <subfield code="c">Zootecn&#xED;a</subfield>
    <subfield code="d">2020.</subfield>
    <subfield code="g">LIC</subfield>
  </datafield>
  <datafield tag="504" ind1=" " ind2=" ">
    <subfield code="a">Incluye referencias bibliogr&#xE1;ficas: p&#xE1;ginas 38-50.</subfield>
  </datafield>
  <datafield tag="520" ind1=" " ind2=" ">
    <subfield code="a">Se analizaron cuatro poblaciones de bovinos (CLT, Gyr, Gyr-holando y Guzerat) para los loci &#x3B1;S1-case&#xED;na, &#x3B1;S2-case&#xED;na, &#x3B2;-case&#xED;na, &#x3BA;-case&#xED;na, &#x3B1;-lactoalbumina, &#x3B2;lactoglobulina, DGAT1, SCD1, FSHR y HSP. Se extrajo ADN de pelo y semen congelado de 1145 animales. Se detectaron polimorfismos con secuencias SNP, mediante PCR tiempo real. El alelo A para &#x3B1;S1-case&#xED;na estuvo presente solo en CLT (0.24), siendo el alelo C dominante para el resto de las poblaciones (0.670.92). Para &#x3B1;S2-case&#xED;na el alelo con m&#xE1;s frecuencia en las cuatro poblaciones fue A (CLT 0.56; Gyr 0.996; Gyr-holando 1.0; Guzerat 1.0). En &#x3B2;- case&#xED;na la variante A2 tuvo mayor frecuencia en CLT 0.62; Gyr 0.93; Gyr-holando 0.85; Guzerat 0.92. En el locus &#x3BA;-case&#xED;na el alelo A fue dom&#xED;nate (Gyr 0.94; Gyr- holando 0.80; Guzerat 0.92), exceptuando la poblaci&#xF3;n CLT (B; 0.54). Para &#x3B1;- lactoalbumina y &#x3B2;lactoglobulina, la variante B domin&#xF3; en las cuatro poblaciones. En los loci DGAT1 y SCD1 el alelo A tuvo mayor frecuencia en los cuatro grupos raciales. Las poblaciones de estudio presentan genotipos que sugieren fertilidad alta, referente al loci FSHR adem&#xE1;s los bovinos CLT poseen tolerancia a condiciones adversas al tener HSP especializadas. Las poblaciones CLT y Gyr tuvieron comportamiento polim&#xF3;rfico en todos los loci de este estudio. K-case&#xED;na, SCD1 y FSHR-V5 est&#xE1;n en equilibrio Hardy-Weinberg en CLT, contrastando con las otras tres razas. Las poblaciones de este estudio presentan recursos gen&#xE9;ticos de importancia econ&#xF3;mica y zoot&#xE9;cnica, por ello, pueden ser una herramienta &#xFA;til en esquemas de cruzamiento.</subfield>
  </datafield>
  <datafield tag="650" ind1=" " ind2="4">
    <subfield code="9">45470</subfield>
    <subfield code="a">Ganado vacuno</subfield>
    <subfield code="x">Gen&#xE9;tica</subfield>
  </datafield>
  <datafield tag="650" ind1=" " ind2="4">
    <subfield code="9">45480</subfield>
    <subfield code="a">Ganado vacuno</subfield>
    <subfield code="x">Mejoramiento</subfield>
  </datafield>
  <datafield tag="650" ind1=" " ind2="4">
    <subfield code="9">45452</subfield>
    <subfield code="a">Ganado vacuno</subfield>
    <subfield code="x">Cruzas</subfield>
  </datafield>
  <datafield tag="700" ind1="1" ind2=" ">
    <subfield code="9">3378</subfield>
    <subfield code="a">Alarc&#xF3;n Z&#xFA;&#xF1;iga, Baldomero</subfield>
    <subfield code="e">director.</subfield>
  </datafield>
  <datafield tag="856" ind1=" " ind2=" ">
    <subfield code="u">http://10.13.5.2/tesis/tl/Velez_Labrada_Jose_Luis.pdf</subfield>
    <subfield code="z">DESCARGAR PDF</subfield>
  </datafield>
  <datafield tag="942" ind1=" " ind2=" ">
    <subfield code="2">Clasificaci&#xF3;n Universidad Aut&#xF3;noma Chapingo</subfield>
    <subfield code="c">TD</subfield>
  </datafield>
  <datafield tag="999" ind1=" " ind2=" ">
    <subfield code="c">219674</subfield>
    <subfield code="d">219674</subfield>
  </datafield>
  <datafield tag="952" ind1=" " ind2=" ">
    <subfield code="0">0</subfield>
    <subfield code="1">0</subfield>
    <subfield code="2">local</subfield>
    <subfield code="4">0</subfield>
    <subfield code="5">1</subfield>
    <subfield code="7">0</subfield>
    <subfield code="8">TesDigL</subfield>
    <subfield code="a">BD</subfield>
    <subfield code="b">BD</subfield>
    <subfield code="c">E_L</subfield>
    <subfield code="d">2024-02-13</subfield>
    <subfield code="l">0</subfield>
    <subfield code="o">Tesis digital</subfield>
    <subfield code="r">2024-02-13 00:00:00</subfield>
    <subfield code="w">2024-02-13</subfield>
    <subfield code="y">TD</subfield>
  </datafield>
</record>
